Don't Starve mobs - Statistics

General Stats
  • This quiz has been taken 198 times
    193 since last reset
  • The average score is 31 of 92
Answer Stats
% Correct
Base game Pig Meat, ____ Skin
88%
Base game Bee Stinger, Honey
87%
Base game Spider Silk, ____ Gland
87%
Base game Deerclops 8 Meat, ____ Eyeball
81%
Reign of Giants DLC Dragonfly 8 Meat, Scales
81%
Base game Hound Monster Meat, ____ Tooth
79%
Reign of Giants DLC Bearger 8 Meat, Thick Fur
78%
Base game Merm Fish, Frog Legs
78%
Base game Clockwork Knight Gears
66%
Reign of Giants DLC Moose/Goose 6 Meat, 2 Drumstick, Down Feathers
66%
Base game Clockwork Rook Gears
65%
Don't Starve Together Bee Queen Honey, Honeycomb, Stinger, Royal Jelly, ____ Hat
64%
Base game Clockwork Bishop Gears, Purple Gem
62%
Base game Tentacle ____ Spike, ____ Spots
62%
Base game Spider Queen ____ Hat, ____ Egg
61%
Base game Beefalo ____ Wool, ____Horn
60%
Base game Spider Warrior Silk, ____ Gland
59%
Caves and Ruins Splumonkey Morsel, Cave Banana, Nightmare Fuel
59%
Base game Frog Frog Legs
58%
Caves and Ruins Cave Spider Silk, ____ Gland
55%
Caves and Ruins Damaged Knight Nightmare Fuel, Thulecite Fragments
52%
Caves and Ruins Damaged Rook Nightmare Fuel, Thulecite Fragments
52%
Base game Killer Bee Stinger, Honey
52%
Base game Treeguard Living Logs, Monster Meat
52%
Base game Red Hound Monster Meat, Red Gem
50%
Base game Blue Hound Monster Meat, Blue Gem
47%
Caves and Ruins Damaged Bishop Purple Gem, Nightmare Fuel
47%
Don't Starve Together Klaus 2 Charcoal, Stag Antler, Monster Meat
47%
Base game Tallbird 2 Meat
46%
Base game Terrorbeak Nightmare Fuel
45%
Base game MacTusk Walrus Tusk, Tam O' Shanter
43%
Caves and Ruins Ancient Guardian Guardian's Horn, Ornate Chest
41%
Base game Crawling Horror Nightmare Fuel
40%
Shipwrecked DLC Tiger Shark 8 Raw Fish, Eye of the _____, Shark Gills
40%
Don't Starve Together Toadstool Frog Legs, Meat, Shroom Skin, Mushrooms
39%
Base game Mosquito ____ Sack
37%
Caves and Ruins Bunnyman Carrot, Meat, Bunny Puff
36%
Reign of Giants DLC Catcoon Meat, Cat Tail
36%
Base game Krampus Charcoal, _____ Sack
34%
Reign of Giants DLC Varg Hound's Tooth, Monster Meat
34%
Shipwrecked DLC Sealnado Turbine Blades
31%
Caves and Ruins Spitter Silk, ____ Gland
29%
Reign of Giants DLC Volt Goat 2 Meat, ____ Horn, Electric Milk
29%
Base game Werepig Meat, Pig Skin
29%
Shipwrecked DLC Snake Monster Meat, ___ Skin, ___ Oil
26%
Base game Koalefant 8 Meat, _____ Trunk
25%
Base game Pengull Morsel, Egg Jet Feather
24%
Shipwrecked DLC Quacken Chest of the Depths, Booty Bag, Iron Key
24%
Caves and Ruins Rock Lobster 2 Rocks, Meat, 2 Flint
23%
Don't Starve Together Ewecus 4 Meat, Steel Wool, Phlegm
22%
Base game Batilisk Guano
21%
Don't Starve Together Grumble Bee Stinger
21%
Don't Starve Together Reanimated Skeleton 8 Fossils, Shadow Atrium, Nightmare Fuel
21%
Don't Starve Together No-Eyed Deer 2 Meat, Bone Shards, Deer Antler
20%
Base game Ghost none
19%
Don't Starve Together Shadow Piece Nightmare Fuel
19%
Caves and Ruins Slurtle ___ Slime, Broken Shell, Shelmet
19%
Caves and Ruins Snurtle ___ Slime, Broken Shell, Shelmet
19%
Caves and Ruins Baby Tentacle none
17%
Base game Guardian Pig Meat, Pig Skin
16%
Don't Starve Together Lavae none or Rocks
16%
Shipwrecked DLC Poison Snake Monster Meat, Venom Gland, Snake Skin, Snake Oil
16%
Base game Winter Koalefant 8 Meat, ______ Trunk
15%
Don't Starve Together Gem Deer 2 Meat, Red/Blue Gem
14%
Shipwrecked DLC Jellyfish Dead _____
14%
Caves and Ruins Shadow Splumonkey Morsel, Cave Banana, Beard Hair, Nightmare Fuel
14%
Base game Teenbird
14%
Reign of Giants DLC Buzzard Morsel, Drumstick, Jet Feather
13%
Base game Lureplant Leafy Meat
13%
Reign of Giants DLC Mosling Meat, Drumstick, Down Feathers
13%
Caves and Ruins Slurper 2 Light Bulb, ____ Pelt
13%
Base game Wee MacTusk Meat
13%
Caves and Ruins Dangling Depth Dweller Silk, ____ Gland
12%
Shipwrecked DLC Dragoon Monster Meat, ____ Heart
12%
Shipwrecked DLC Water Beefalo 4 Meat, Horn
12%
Shipwrecked DLC Blue Whale 4 Raw Fish, 4 Blubber
11%
Caves and Ruins Beardlord Beard Hair, Monster Meat
10%
Caves and Ruins Depths Worm 4 Monster Meat, Glow Berry
10%
Shipwrecked DLC Poison Mosquito Yellow _____ Sack, Venom Gland
10%
Shipwrecked DLC Swordfish Dead _____
10%
Shipwrecked DLC White Whale 4 Raw Fish, 4 Blubber, Harpoon
10%
Reign of Giants DLC Birchnutter Twigs, Birchnut
9%
Reign of Giants DLC Poison Birchnut Tree 3 Birchnuts, Living Logs, Nightmare Fuel
9%
Shipwrecked DLC Prime Ape Morsel, Banana, Manure
9%
Shipwrecked DLC Seahound Monster Meat, Hound's Tooth, Shark Fin
9%
Shipwrecked DLC Flup Monster Meat, Eyeshot
7%
Shipwrecked DLC Palm Treeguard 6 Living Logs, 2 Coconuts, Monster Meat
7%
Shipwrecked DLC Wildbore Meat, Pig Skin
4%
Shipwrecked DLC Bottlenose Ballphin 2 Fish Morsel, Empty Bottle
3%
Shipwrecked DLC Floaty Boaty Knight Gears
3%
Shipwrecked DLC Quacken Tentacle ____ Spike, _____ Spots
3%
Shipwrecked DLC Stink Ray Venom Gland, Monster Meat
3%
No matching quizzes found
Score Distribution
Percent of People with Each Score
Percentile by Number Answered
Your Score History
You have not taken this quiz since the last reset